000 00631nam a2200205Ia 4500
003 GCL
008 140319s9999 xx 000 0 ara d
040 _aGCL /
_cGCL
082 0 4 _a811.00925
_bع ا
100 1 _aعبدالقادر القط
245 1 0 _aالإتجاه الوجدانى فى الشعر العربى المعاصر /
_cعبدالقادر القط
300 _a502
490 _aكتاب
_v0
650 0 4 _aالادب العربى
650 0 4 _aالشعر العربى - تاريخ ونقد
650 0 4 _aالعواطف
650 0 4 _aالوجدان
650 0 4 _aالترابط الحسى
942 _2ddc
_cBK
999 _c41781
_d41781